[Event "Olimpiada Calviá 2004"]
[Site "Calviá ESP"]
[Date "2004.10.25"]
[Round "10.43"]
[White "Ferrufino, Boris"]
[Black "Reyes Najera, Carlos A"]
[Result "1-0"]
[WhiteElo "2231"]
[BlackElo "2186"]
[PlyCount "69"]
[EventDate "2004.10.15"]
[EventType "team"]
[EventRounds "14"]
[EventCountry "ESP"]
[Source "lmi"]
[SourceDate "2004.10.27"]

1. d4 d5 2. Nf3 c6 3. e3 Nf6 4. Bd3 g6 5. O-O Bg7 6. Nbd2 O-O 7. c4 dxc4 8.
Nxc4 c5 9. b3 cxd4 10. Nxd4 Nbd7 11. Ba3 Re8 12. Rc1 a6 13. Be2 Nb6 14. Nf3
Nbd5 15. Nfe5 b5 16. Nc6 Qd7 17. N4a5 e5 18. Bb2 e4 19. Qd2 Qf5 20. Rfd1 Qg5
21. Rc5 Be6 22. a4 Bf8 23. Bxf6 Qxf6 24. Rxd5 Bxd5 25. Qxd5 bxa4 26. bxa4 Bg7
27. Bc4 h5 28. Qd7 Rf8 29. Nb7 Qc3 30. Nd6 Qc2 31. Rf1 Kh7 32. a5 f5 33. Nd4
Qc3 34. Ne6 Rfb8 35. Ng5+ 1-0

[Event "Olimpiada Calviá 2004"]
[Site "Calviá ESP"]
[Date "2004.10.25"]
[Round "10.43"]
[White "Figueroa, Marco"]
[Black "Saavedra, Carlos"]
[Result "0-1"]
[WhiteElo "2126"]
[BlackElo "2319"]
[PlyCount "130"]
[EventDate "2004.10.15"]
[EventType "team"]
[EventRounds "14"]
[EventCountry "ESP"]
[Source "lmi"]
[SourceDate "2004.10.27"]

1. e4 d6 2. d4 Nf6 3. Nc3 g6 4. f4 Bg7 5. Nf3 O-O 6. Be2 c5 7. dxc5 Qa5 8. Bd2
Qxc5 9. Bd3 Bd7 10. Qe2 a6 11. a3 Bc6 12. Be3 Qa5 13. O-O Qc7 14. h3 b5 15. f5
Nbd7 16. Qf2 Ne5 17. Nxe5 dxe5 18. g4 Qb7 19. Qg2 Rad8 20. g5 Nh5 21. Ne2 Nf4
22. Nxf4 exf4 23. Rxf4 Bxb2 24. Raf1 Be5 25. Rh4 Qd7 26. Qg4 Bd4 27. Bf2 Qd6
28. Bxd4 Qxd4+ 29. Rf2 Qe5 30. Qf4 Qxf4 31. Rhxf4 Rd4 32. e5 Rxf4 33. Rxf4 gxf5
34. Bxf5 e6 35. Bd3 Rd8 36. Rh4 Rd5 37. Bxh7+ Kg7 38. Bd3 Rxe5 39. Rg4 Re3 40.
Kh2 e5 41. Rg3 Re1 42. Rg1 Rxg1 43. Kxg1 e4 44. Be2 Kg6 45. h4 Kf5 46. Kf2 Kf4
47. Bh5 Bd5 48. g6 e3+ 49. Ke2 Bc4+ 50. Ke1 f5 51. g7 Bg8 52. Bg6 Kg4 53. h5
Kg5 54. Ke2 f4 55. Kf3 Bd5+ 56. Ke2 Kh6 57. Bd3 Kxg7 58. Bg6 Kh6 59. Be8 Bc4+
60. Kf3 Kg5 61. Bc6 Kxh5 62. Kxf4 e2 63. Bf3+ Kg6 64. Bxe2 Bxe2 65. a4 bxa4 0-1

[Event "Olimpiada Calviá 2004"]
[Site "Calviá ESP"]
[Date "2004.10.25"]
[Round "10.44"]
[White "Aderito, Pedro"]
[Black "Berend, Fred"]
[Result "1/2-1/2"]
[WhiteElo "2262"]
[BlackElo "2378"]
[PlyCount "340"]
[EventDate "2004.10.15"]
[EventType "team"]
[EventRounds "14"]
[EventCountry "ESP"]
[Source "lmi"]
[SourceDate "2004.10.27"]

1. d4 e6 2. c4 Bb4+ 3. Bd2 a5 4. Nc3 d6 5. Nf3 Nf6 6. Qc2 Nc6 7. a3 Bxc3 8.
bxc3 h6 9. h3 e5 10. g4 e4 11. Nh2 a4 12. e3 O-O 13. Be2 Re8 14. Nf1 Bd7 15.
Bc1 Na5 16. Nd2 Qe7 17. Rb1 b6 18. Rg1 Nh7 19. Rg3 Bc6 20. Rb4 Kh8 21. Bd1 Nb7
22. Qb1 Ra5 23. Bc2 f5 24. gxf5 Nf6 25. Rb5 Bxb5 26. cxb5 d5 27. c4 Nd6 28.
cxd5 Rxb5 29. Qa1 Ra5 30. Bb2 Nxf5 31. Rg1 Nd6 32. Bc3 Ra6 33. Bb4 b5 34. Bc5
Raa8 35. Qb1 Rab8 36. Nf1 Qf7 37. Ng3 Qxd5 38. Ne2 Qf7 39. d5 Re5 40. Nf4 Rxd5
41. Nxd5 Qxd5 42. Bd4 Rf8 43. Qb4 Qc4 44. Qb2 c5 45. Be5 Nde8 46. Bd1 Rf7 47.
Be2 Qb3 48. Qxb3 axb3 49. Bxb5 Rb7 50. a4 Nc7 51. Bxc7 Rxc7 52. Bc4 Ra7 53.
Bxb3 Nd7 54. Rg4 c4 55. Bxc4 Nf6 56. Rf4 Rxa4 57. Bf7 Kh7 58. h4 Ra5 59. Kf1 h5
60. Kg2 Re5 61. Kg3 Kh6 62. Kg2 Re7 63. Bb3 Rc7 64. Be6 Re7 65. Ba2 Rb7 66. Be6
Rb5 67. Bf7 Re5 68. Kg3 Re7 69. Ba2 Ne8 70. Bd5 Nd6 71. Rf8 g6 72. Kf4 Nf5 73.
Rf7 Re8 74. Rf6 Nxh4 75. Bxe4 Kg7 76. Ra6 g5+ 77. Kxg5 Rxe4 78. Ra7+ Kf8 79.
Kxh5 Nf3 80. Kg6 Ke8 81. Kf5 Rh4 82. e4 Nd4+ 83. Kg5 Rxe4 84. f4 Re1 85. Ra4
Ne6+ 86. Kf6 Nc7 87. Rd4 Kf8 88. f5 Ne8+ 89. Kg5 Ke7 90. Ra4 Rg1+ 91. Rg4 Ra1
92. Re4+ Kf7 93. Rc4 Rd1 94. Ra4 Nf6 95. Ra7+ Nd7 96. Ra4 Kg7 97. Rc4 Ne5 98.
Re4 Rg1+ 99. Kf4 Kf6 100. Re2 Rg4+ 101. Ke3 Ra4 102. Rc2 Ng4+ 103. Kd3 Ne5+
104. Ke3 Rh4 105. Rc8 Nc4+ 106. Kd3 Nd6 107. Rc6 Ke7 108. Rc7+ Kd8 109. Rc5 Kd7
110. Ke3 Ne8 111. Kf3 Ra4 112. Re5 Nf6 113. Re6 Nd5 114. Rh6 Rf4+ 115. Ke2 Rxf5
116. Kd3 Nf6 117. Rh8 Ke6 118. Ra8 Ke5 119. Rh8 Rf3+ 120. Kc4 Rf4+ 121. Kb5 Ne4
122. Rh5+ Kd4 123. Rh6 Rf1 124. Rh4 Rf6 125. Rh8 Nc3+ 126. Ka5 Nd5 127. Rh4+
Kc5 128. Rh1 Rf3 129. Rc1+ Nc3 130. Ka6 Rf6+ 131. Kb7 Rf7+ 132. Ka6 Kb4 133.
Re1 Rf6+ 134. Kb7 Kc5 135. Rc1 Rf7+ 136. Ka6 Kd4 137. Rh1 Nd5 138. Rd1+ Kc5
139. Rc1+ Kd6 140. Rd1 Rf8 141. Kb5 Rc8 142. Ka4 Rc3 143. Rh1 Kc5 144. Rh5 Rg3
145. Re5 Rg4+ 146. Kb3 Rb4+ 147. Ka3 Rb8 148. Rh5 Kc4 149. Rh4+ Kd3 150. Rh3+
Ne3 151. Ka4 Kd4 152. Rh4+ Kc5 153. Rh5+ Nd5 154. Ka3 Rf8 155. Rh3 Kc4 156.
Rh4+ Nf4 157. Rg4 Kc3 158. Rg3+ Nd3 159. Ka4 Rf5 160. Rh3 Rg5 161. Re3 Kd4 162.
Re8 Rd5 163. Rh8 Nb2+ 164. Kb4 Nd3+ 165. Ka4 Rc5 166. Rh4+ Kc3 167. Rh3 Re5
168. Rg3 Rh5 169. Re3 Kc4 170. Re4+ Kd5 1/2-1/2

[Event "Olimpiada Calviá 2004"]
[Site "Calviá ESP"]
[Date "2004.10.25"]
[Round "10.44"]
[White "Brittner, Serge"]
[Black "Campos, Eugenio"]
[Result "1-0"]
[WhiteElo "2291"]
[BlackElo "2265"]
[PlyCount "71"]
[EventDate "2004.10.15"]
[EventType "team"]
[EventRounds "14"]
[EventCountry "ESP"]
[Source "lmi"]
[SourceDate "2004.10.27"]

1. d4 Nf6 2. c4 e6 3. Nc3 c5 4. d5 exd5 5. cxd5 d6 6. e4 g6 7. Bd3 Bg7 8. Nge2
O-O 9. O-O a6 10. a4 Qc7 11. h3 c4 12. Bc2 Nbd7 13. Be3 Rb8 14. Ba7 Ra8 15. Bd4
b6 16. f4 Re8 17. Ng3 Bb7 18. Qd2 Rab8 19. Rf3 Re7 20. Raf1 Ne8 21. Bxg7 Kxg7
22. e5 dxe5 23. f5 Qc5+ 24. Kh2 Qd4 25. f6+ Nexf6 26. Qg5 Kg8 27. Nf5 Rbe8 28.
Nxd4 exd4 29. Rxf6 Nxf6 30. Qxf6 dxc3 31. d6 Rd7 32. bxc3 Re2 33. Rf2 Rxf2 34.
Qxf2 Rxd6 35. Qf4 Rd7 36. Be4 1-0

[Event "Olimpiada Calviá 2004"]
[Site "Calviá ESP"]
[Date "2004.10.25"]
[Round "10.44"]
[White "Pascoal, Eduardo A"]
[Black "Weber, Jean-Marie"]
[Result "1/2-1/2"]
[WhiteElo "2068"]
[BlackElo "2232"]
[PlyCount "81"]
[EventDate "2004.10.15"]
[EventType "team"]
[EventRounds "14"]
[EventCountry "ESP"]
[Source "lmi"]
[SourceDate "2004.10.27"]

1. d4 Nf6 2. c4 c5 3. Nf3 cxd4 4. Nxd4 Nc6 5. Nc3 Qb6 6. Nc2 e6 7. e3 Be7 8.
Be2 O-O 9. O-O d5 10. cxd5 Rd8 11. e4 exd5 12. exd5 Be6 13. Ne3 Nb4 14. Bc4 Qc5
15. Qb3 Nfxd5 16. Nexd5 Nxd5 17. Nxd5 Bxd5 18. Bxd5 Qxd5 19. Qxd5 Rxd5 20. Be3
Bc5 21. Rfd1 Rxd1+ 22. Rxd1 Bxe3 23. fxe3 g6 24. Rd7 b6 25. e4 Rc8 26. Rxa7
Rc1+ 27. Kf2 Rc2+ 28. Kf3 Rxb2 29. h4 h5 30. g3 b5 31. e5 b4 32. Rb7 Rxa2 33.
Rxb4 Kf8 34. g4 Ra3+ 35. Kf2 Ke7 36. gxh5 gxh5 37. Rf4 Rh3 38. Kg2 Re3 39. Rf5
Ke6 40. Rf6+ Kxe5 41. Rxf7 1/2-1/2

[Event "Olimpiada Calviá 2004"]
[Site "Calviá ESP"]
[Date "2004.10.25"]
[Round "10.44"]
[White "Wagener, Claude"]
[Black "Domingos, Catarino"]
[Result "1-0"]
[WhiteElo "2242"]
[BlackElo "2227"]
[PlyCount "140"]
[EventDate "2004.10.15"]
[EventType "team"]
[EventRounds "14"]
[EventCountry "ESP"]
[Source "lmi"]
[SourceDate "2004.10.27"]

1. e4 c5 2. Nf3 d6 3. d4 cxd4 4. Nxd4 Nf6 5. Nc3 Nc6 6. Bg5 e6 7. Qd2 Qb6 8.
Nb3 Be7 9. f3 O-O 10. O-O-O Rd8 11. Nb5 Rd7 12. N5d4 a6 13. h4 Qc7 14. g4 d5
15. Nxc6 bxc6 16. e5 Ne8 17. f4 f6 18. exf6 Bxf6 19. Bd3 Rf7 20. h5 e5 21. Bxf6
Nxf6 22. g5 e4 23. Be2 Ng4 24. Rdf1 e3 25. Qd4 Nf2 26. g6 Re7 27. gxh7+ Kh8 28.
Rh4 Kxh7 29. Bd3+ Nxd3+ 30. Qxd3+ Kg8 31. h6 e2 32. Re1 Re4 33. Rxe2 Bf5 34.
Rxe4 Bxe4 35. Qg3 g6 36. h7+ Kh8 37. Qc3+ Qg7 38. Qxc6 Rf8 39. Qd6 Qf6 40.
Qxf6+ Rxf6 41. Nd4 g5 42. fxg5 Rf1+ 43. Kd2 Rg1 44. Rh6 Rxg5 45. Rxa6 Kxh7 46.
Rf6 Rg2+ 47. Kc3 Kg7 48. Rf4 Rg3+ 49. Kb4 Rg2 50. Kb3 Rg3+ 51. c3 Rg2 52. a4
Bd3 53. Ka3 Rg1 54. b3 Kg6 55. Kb4 Ra1 56. Rf2 Be4 57. Ne6 Rd1 58. a5 Bf5 59.
Nd4 Bd3 60. Rf8 Be4 61. Nc6 Ra1 62. Nd4 Kg7 63. Rc8 Kf7 64. Kb5 Ke7 65. Kb6 Bd3
66. b4 Kd7 67. Rc5 Bc4 68. b5 Ra3 69. a6 Rxc3 70. a7 Ra3 1-0

[Event "Olimpiada Calviá 2004"]
[Site "Calviá ESP"]
[Date "2004.10.25"]
[Round "10.45"]
[White "Chau, Sau Ming"]
[Black "Mok, Tze-Meng"]
[Result "0-1"]
[WhiteElo "2230"]
[BlackElo "2336"]
[PlyCount "48"]
[EventDate "2004.10.15"]
[EventType "team"]
[EventRounds "14"]
[EventCountry "ESP"]
[Source "lmi"]
[SourceDate "2004.10.27"]

1. d4 g6 2. c4 Bg7 3. Nc3 Nf6 4. e4 c5 5. d5 d6 6. Bd3 O-O 7. Nge2 a6 8. a4 e6
9. O-O exd5 10. cxd5 Re8 11. Kh1 Nbd7 12. Ng3 Qc7 13. Qe2 b6 14. f4 Bb7 15. Bc4
Nxe4 16. Ncxe4 f5 17. Qc2 fxe4 18. Nxe4 b5 19. axb5 axb5 20. Rxa8 Bxa8 21. Bxb5
Bxd5 22. Bc4 Qc6 23. Rd1 Bxc4 24. Qxc4+ d5 0-1

[Event "Olimpiada Calviá 2004"]
[Site "Calviá ESP"]
[Date "2004.10.25"]
[Round "10.45"]
[White "Hafiz, Shafruddin"]
[Black "Corke, Anya"]
[Result "0-1"]
[WhiteElo "2075"]
[BlackElo "2041"]
[PlyCount "46"]
[EventDate "2004.10.15"]
[EventType "team"]
[EventRounds "14"]
[EventCountry "ESP"]
[Source "lmi"]
[SourceDate "2004.10.27"]

1. e4 c5 2. c3 d5 3. exd5 Qxd5 4. d4 Nc6 5. Nf3 Bg4 6. Be2 Nf6 7. c4 Qf5 8. Be3
cxd4 9. Nxd4 Nxd4 10. Bxd4 Rd8 11. f3 Qf4 12. fxg4 Rxd4 13. Qa4+ Kd8 14. Rf1
Qc1+ 15. Kf2 Ne4+ 16. Kg1 Qe3+ 17. Kh1 h5 18. g5 h4 19. h3 Qxe2 20. Nc3 Ng3+
21. Kg1 Qe3+ 22. Rf2 Rd2 23. Nd1 Qe1+ 0-1

[Event "Olimpiada Calviá 2004"]
[Site "Calviá ESP"]
[Date "2004.10.25"]
[Round "10.46"]
[White "Thamtavatvorn, Taweechai"]
[Black "Warner, Delisle"]
[Result "1-0"]
[WhiteElo "2214"]
[BlackElo "2291"]
[PlyCount "75"]
[EventDate "2004.10.15"]
[EventType "team"]
[EventRounds "14"]
[EventCountry "ESP"]
[Source "lmi"]
[SourceDate "2004.10.27"]

1. d4 e6 2. c4 Nf6 3. Nc3 Bb4 4. e3 c5 5. Nge2 d5 6. a3 Bxc3+ 7. Nxc3 cxd4 8.
exd4 dxc4 9. Bxc4 Nc6 10. Be3 O-O 11. O-O b6 12. f3 Ne7 13. Bg5 Nf5 14. d5 h6
15. Bf4 e5 16. Bxe5 Ne3 17. Qb3 Nxf1 18. Rxf1 Nd7 19. Bg3 Nc5 20. Qc2 Ba6 21.
Bxa6 Nxa6 22. b4 Qd7 23. d6 Rac8 24. Qb3 b5 25. Nd5 Rc4 26. Qe3 Nb8 27. Ne7+
Kh8 28. Be5 Qe6 29. f4 Nd7 30. Re1 Rc2 31. Bxg7+ Kxg7 32. Qg3+ Qg6 33. Nxg6
fxg6 34. Re7+ Rf7 35. Rxf7+ Kxf7 36. Qe3 Nf8 37. Qe7+ Kg8 38. d7 1-0

[Event "Olimpiada Calviá 2004"]
[Site "Calviá ESP"]
[Date "2004.10.25"]
[Round "10.46"]
[White "Farley, Terry"]
[Black "Theerapabpaisit, Wisuwat"]
[Result "1-0"]
[WhiteElo "2247"]
[BlackElo "2277"]
[PlyCount "79"]
[EventDate "2004.10.15"]
[EventType "team"]
[EventRounds "14"]
[EventCountry "ESP"]
[Source "lmi"]
[SourceDate "2004.10.27"]

1. e4 c5 2. Nc3 Nc6 3. f4 e6 4. Nf3 a6 5. g3 d5 6. Bg2 d4 7. Ne2 d3 8. cxd3
Qxd3 9. O-O c4 10. b3 Nf6 11. Ne1 Qd8 12. bxc4 Bc5+ 13. Kh1 Ng4 14. Bb2 O-O 15.
Nc2 Na5 16. Bc3 Nxc4 17. Qe1 b5 18. h3 Nf6 19. d4 Be7 20. g4 Bb7 21. Ng3 a5 22.
Rd1 b4 23. Ba1 Rc8 24. g5 Nd7 25. d5 exd5 26. Nf5 f6 27. Ncd4 Nc5 28. exd5 Rc7
29. Ne6 Nxe6 30. Qxe6+ Kh8 31. d6 Bxg2+ 32. Kxg2 Bxd6 33. Nxd6 Nxd6 34. Qxd6
Rc2+ 35. Kg1 Qa8 36. Rd5 fxg5 37. Rxg5 Rg8 38. Rd1 Rxa2 39. Bxg7+ Rxg7 40. Qd8+
1-0

[Event "Olimpiada Calviá 2004"]
[Site "Calviá ESP"]
[Date "2004.10.25"]
[Round "10.46"]
[White "Saeheng, Boonsueb"]
[Black "Corbin, Philip"]
[Result "1-0"]
[WhiteElo "2242"]
[BlackElo "2242"]
[PlyCount "97"]
[EventDate "2004.10.15"]
[EventType "team"]
[EventRounds "14"]
[EventCountry "ESP"]
[Source "lmi"]
[SourceDate "2004.10.27"]

1. Nf3 f5 2. d4 Nf6 3. c4 e6 4. g3 d6 5. Bg2 Be7 6. O-O O-O 7. Nc3 Qe8 8. Nd2
e5 9. e4 Nc6 10. d5 Nd4 11. b4 Qg6 12. a4 Rf7 13. Re1 fxe4 14. Ncxe4 Bg4 15.
Nxf6+ Qxf6 16. Ne4 Qg6 17. Qd3 Nf3+ 18. Bxf3 Bxf3 19. Ra3 Qg4 20. Nd2 Raf8 21.
Nxf3 Rxf3 22. Qe2 h5 23. h3 Qf5 24. Rxf3 Qxf3 25. Qxf3 Rxf3 26. Be3 g5 27. Kg2
Rf8 28. g4 h4 29. a5 a6 30. b5 Ra8 31. bxa6 bxa6 32. Rb1 Kf7 33. Rb7 Bd8 34.
Kf3 Kg6 35. Ke4 Kf6 36. c5 Rc8 37. Bd2 Be7 38. Ra7 dxc5 39. Rxa6+ Bd6 40. Be3
c4 41. Rc6 c3 42. a6 Ra8 43. a7 Kf7 44. Rxc3 c5 45. dxc6 Bc7 46. Rd3 Kf6 47.
Rd7 Rc8 48. Rxc7 Rxc7 49. a8=Q 1-0

[Event "Olimpiada Calviá 2004"]
[Site "Calviá ESP"]
[Date "2004.10.25"]
[Round "10.46"]
[White "Alleyne, Mark-John"]
[Black "Saelee, Uaychai"]
[Result "0-1"]
[WhiteElo "2077"]
[BlackElo "2165"]
[PlyCount "54"]
[EventDate "2004.10.15"]
[EventType "team"]
[EventRounds "14"]
[EventCountry "ESP"]
[Source "lmi"]
[SourceDate "2004.10.27"]

1. d4 Nf6 2. Nf3 e6 3. e3 b6 4. Bd3 Bb7 5. Nbd2 Be7 6. c3 O-O 7. O-O c5 8. Qe2
Nc6 9. a3 d6 10. Rd1 Qc7 11. b4 e5 12. Bb2 Rfe8 13. dxe5 dxe5 14. e4 Rad8 15.
Bc4 Bd6 16. Ne1 Ne7 17. f3 Ng6 18. g3 h5 19. b5 h4 20. Nc2 Nh5 21. Kf2 Qd7 22.
Qf1 Qe7 23. g4 Nhf4 24. h3 Nf8 25. Ne3 g6 26. Be2 Nh7 27. Qg1 Nxh3+ 0-1

[Event "Olimpiada Calviá 2004"]
[Site "Calviá ESP"]
[Date "2004.10.25"]
[Round "10.47"]
[White "Mikheev, Stanislav"]
[Black "Rohl, Juan"]
[Result "1-0"]
[WhiteElo "2352"]
[BlackElo "2401"]
[PlyCount "83"]
[EventDate "2004.10.15"]
[EventType "team"]
[EventRounds "14"]
[EventCountry "ESP"]
[Source "lmi"]
[SourceDate "2004.10.27"]

1. e4 c5 2. Nf3 d6 3. d4 cxd4 4. Nxd4 Nf6 5. Nc3 a6 6. Be2 e5 7. Nb3 Be7 8. O-O
Be6 9. Be3 Nbd7 10. Qd3 O-O 11. Nd5 Bxd5 12. exd5 a5 13. Qb5 a4 14. Nd2 Qc7 15.
c4 Nc5 16. b4 Ncd7 17. Rac1 b6 18. Rc3 a3 19. Rb1 Ra7 20. Qc6 Qb8 21. Rbb3 Rc8
22. Qb5 Qa8 23. f3 Qb7 24. Rxa3 Rca8 25. Rxa7 Qxa7 26. a3 h6 27. Bd1 Nh5 28. a4
Qc7 29. g3 Qd8 30. Bc2 Bg5 31. Ne4 Bxe3+ 32. Rxe3 Ndf6 33. Nf2 g5 34. Ra3 Kg7
35. Bf5 Ng8 36. Qd7 Qb8 37. Ne4 Nhf6 38. Qxd6 Qe8 39. Qc6 Qf8 40. Qxb6 Nxe4 41.
fxe4 Rb8 42. Qc5 1-0

[Event "Olimpiada Calviá 2004"]
[Site "Calviá ESP"]
[Date "2004.10.25"]
[Round "10.47"]
[White "Zhidkov, Valery S"]
[Black "Ostos, Julio"]
[Result "1-0"]
[WhiteElo "2394"]
[BlackElo "2332"]
[PlyCount "106"]
[EventDate "2004.10.15"]
[EventType "team"]
[EventRounds "14"]
[EventCountry "ESP"]
[Source "lmi"]
[SourceDate "2004.10.27"]

1. Nf3 Nf6 2. c4 c5 3. g3 g6 4. Bg2 Bg7 5. d4 O-O 6. Nc3 cxd4 7. Nxd4 Nc6 8.
O-O Ng4 9. e3 d6 10. b3 Nh6 11. Bb2 Nxd4 12. exd4 Nf5 13. Nd5 Rb8 14. Re1 Re8
15. Qd2 Bd7 16. b4 Be6 17. Rac1 Rc8 18. a3 Qd7 19. Qd3 Bxd5 20. Bxd5 Rc7 21.
Rc2 Rec8 22. Rec1 b6 23. b5 e5 24. dxe5 dxe5 25. Re1 Nd4 26. Bxd4 exd4 27. Rce2
Bf6 28. Re6 Qd8 29. R6e4 Kg7 30. h4 h5 31. Kg2 Rc5 32. Qf3 Rxd5 33. cxd5 Rc3
34. Re8 Qd7 35. Qe4 Rc5 36. Ra8 Rxb5 37. Qf3 Rxd5 38. Rxa7 Qxa7 39. Qxd5 Qxa3
40. Rb1 Qc5 41. Rb5 Qc7 42. Qf3 Be7 43. Rb2 Bc5 44. Ra2 Qe7 45. Ra8 Qd7 46. Rb8
Qd6 47. Qa8 Kf6 48. Rc8 Qd7 49. Rd8 Qc7 50. Qf3+ Kg7 51. Qd5 Qe7 52. Qa8 Qe2
53. Re8 Be7 1-0

[Event "Olimpiada Calviá 2004"]
[Site "Calviá ESP"]
[Date "2004.10.25"]
[Round "10.47"]
[White "Soto Paez, Oliver"]
[Black "Talla, Vladimir"]
[Result "0-1"]
[WhiteElo "2288"]
[BlackElo "2385"]
[PlyCount "84"]
[EventDate "2004.10.15"]
[EventType "team"]
[EventRounds "14"]
[EventCountry "ESP"]
[Source "lmi"]
[SourceDate "2004.10.27"]

1. e4 c5 2. Nf3 e6 3. Nc3 a6 4. d4 cxd4 5. Nxd4 Qc7 6. Be2 b5 7. O-O Bb7 8. Bf3
d6 9. Re1 Be7 10. a3 Nd7 11. Bh5 g6 12. Bf3 h5 13. a4 bxa4 14. Rxa4 Ngf6 15.
Bg5 O-O 16. g3 Rfe8 17. Bg2 Bf8 18. Qd2 Bg7 19. h3 Nb6 20. Raa1 Nc4 21. Qc1 Nh7
22. Be3 Nxe3 23. Qxe3 Nf6 24. Red1 Nd7 25. Nb3 Rac8 26. Na5 Ba8 27. Bf1 Nc5 28.
Bg2 d5 29. exd5 exd5 30. Qd2 d4 31. Nd5 Bxd5 32. Bxd5 Ne4 33. Bxe4 Rxe4 34. Nb3
h4 35. g4 Rce8 36. Nc1 Bh6 37. Qd3 Re1+ 38. Rxe1 Rxe1+ 39. Kg2 Qc6+ 40. f3 Qd6
41. f4 Qd5+ 42. Kf2 Qh1 0-1

[Event "Olimpiada Calviá 2004"]
[Site "Calviá ESP"]
[Date "2004.10.25"]
[Round "10.48"]
[White "Lee, Cecil"]
[Black "Russell, M K A."]
[Result "0-1"]
[WhiteElo "2048"]
[BlackElo "2221"]
[PlyCount "106"]
[EventDate "2004.10.15"]
[EventType "team"]
[EventRounds "14"]
[EventCountry "ESP"]
[Source "lmi"]
[SourceDate "2004.10.27"]

1. c4 e5 2. Nc3 Nf6 3. Nf3 Nc6 4. g3 d5 5. cxd5 Nxd5 6. Bg2 Nb6 7. O-O Be7 8.
d3 O-O 9. a3 Be6 10. b4 Nd4 11. Nxd4 exd4 12. Ne4 Bd5 13. Bb2 f5 14. Nd2 Bxg2
15. Kxg2 Kh8 16. Nf3 Bf6 17. Qb3 Qd7 18. Rac1 Rae8 19. Rfe1 f4 20. b5 c6 21.
bxc6 bxc6 22. Rc5 Nd5 23. Qa4 fxg3 24. hxg3 Qg4 25. Nh2 Qg6 26. Qxc6 Nf4+ 27.
Kf1 Nxd3 28. exd3 Qxd3+ 29. Kg2 Rxe1 30. Qf3 Qd2 31. Rb5 Rb1 32. Qb7 h6 33. Ng4
Qd1 34. Kh3 Qh1+ 35. Qxh1 Rxh1+ 36. Kg2 Rd1 37. Nxf6 Rxf6 38. Rd5 Rd2 39. Bxd4
Rfxf2+ 40. Bxf2 Rxd5 41. Bxa7 Ra5 42. Bb8 Rxa3 43. Bd6 Rb3 44. Kh3 Kh7 45. Kg4
Kg6 46. Kh4 Rd3 47. Be5 Re3 48. Bb8 Re4+ 49. Kh3 Kf5 50. Bc7 h5 51. Bb8 g5 52.
Kg2 g4 53. Kf2 Rb4 0-1

[Event "Olimpiada Calviá 2004"]
[Site "Calviá ESP"]
[Date "2004.10.25"]
[Round "10.48"]
[White "Weeramantry, Sunil"]
[Black "Cave, Christo"]
[Result "1/2-1/2"]
[WhiteElo "2231"]
[BlackElo "2276"]
[PlyCount "125"]
[EventDate "2004.10.15"]
[EventType "team"]
[EventRounds "14"]
[EventCountry "ESP"]
[Source "lmi"]
[SourceDate "2004.10.27"]

1. e4 e6 2. d4 d5 3. Nc3 Nf6 4. Bg5 Be7 5. e5 Nfd7 6. h4 f6 7. exf6 Nxf6 8. Bd3
Nc6 9. Nf3 a6 10. Ne5 Bd6 11. f4 Nb4 12. Ne2 c5 13. c3 Nxd3+ 14. Qxd3 Bd7 15.
dxc5 Bxc5 16. Nd4 Qb6 17. O-O-O Bxd4 18. Qxd4 Qxd4 19. Rxd4 Ne4 20. f5 exf5 21.
Nxd7 Kxd7 22. Rhd1 h6 23. Rxd5+ Ke6 24. Be3 Rhe8 25. h5 Nf6 26. Rd6+ Kf7 27.
Bc5 Rac8 28. b4 Re6 29. Kc2 Re2+ 30. R1d2 Rce8 31. Rb6 Rxd2+ 32. Kxd2 Ne4+ 33.
Kd3 Rd8+ 34. Bd4 Rd7 35. Ke3 Ng3 36. Kf4 Nxh5+ 37. Kxf5 Ng3+ 38. Ke5 Ne2 39.
Ke4 Rc7 40. g4 Nxc3+ 41. Bxc3 Rxc3 42. Rxb7+ Kg6 43. a4 Rc4+ 44. Kf3 Kf6 45.
Rb6+ Kg5 46. a5 g6 47. b5 Rc3+ 48. Ke4 axb5 49. a6 Ra3 50. Kd4 b4 51. Kc4 b3
52. Kc3 h5 53. gxh5 gxh5 54. Kb2 Ra5 55. Kxb3 h4 56. Kb4 Ra1 57. Rb5+ Kg4 58.
Ra5 Rb1+ 59. Kc5 Rb8 60. a7 Ra8 61. Kb6 h3 62. Kb7 h2 63. Ra1 1/2-1/2

[Event "Olimpiada Calviá 2004"]
[Site "Calviá ESP"]
[Date "2004.10.25"]
[Round "10.48"]
[White "Merritt, Mario"]
[Black "Dissanayake, P R."]
[Result "1-0"]
[WhiteElo "2079"]
[BlackElo "2112"]
[PlyCount "41"]
[EventDate "2004.10.15"]
[EventType "team"]
[EventRounds "14"]
[EventCountry "ESP"]
[Source "lmi"]
[SourceDate "2004.10.27"]

1. c4 Nf6 2. Nc3 g6 3. e4 d6 4. d4 Bg7 5. Be2 O-O 6. Bg5 c5 7. d5 b5 8. cxb5 a6
9. a4 axb5 10. Bxb5 Ba6 11. Nf3 Bxb5 12. axb5 Nbd7 13. O-O Rxa1 14. Qxa1 Qa8
15. Qa6 h6 16. Bxf6 Bxf6 17. Ra1 Nb6 18. Nd2 e6 19. Qxa8 Nxa8 20. Nc4 Be7 21.
Ra7 1-0

[Event "Olimpiada Calviá 2004"]
[Site "Calviá ESP"]
[Date "2004.10.25"]
[Round "10.49"]
[White "Digesh, Shanker Malla"]
[Black "Najjar, Ahmad"]
[Result "1-0"]
[WhiteElo "2253"]
[BlackElo "2337"]
[PlyCount "73"]
[EventDate "2004.10.15"]
[EventType "team"]
[EventRounds "14"]
[EventCountry "ESP"]
[Source "lmi"]
[SourceDate "2004.10.27"]

1. e4 e5 2. Nf3 Nc6 3. Bb5 a6 4. Ba4 Nf6 5. O-O Be7 6. Re1 b5 7. Bb3 d6 8. c3
Na5 9. Bc2 c5 10. d4 Qc7 11. h3 O-O 12. Nbd2 Bd7 13. Nf1 Rfc8 14. Ne3 Bd8 15.
b3 cxd4 16. cxd4 Nc6 17. Bb2 Qb8 18. Rc1 Bb6 19. dxe5 Nxe5 20. Nxe5 dxe5 21.
Nd5 Nxd5 22. Qxd5 Qa7 23. Qxe5 Bxf2+ 24. Kh1 f6 25. Qd5+ Kh8 26. e5 Rc5 27. Qd3
Rxc2 28. Qxc2 Bxe1 29. Rxe1 Re8 30. Qc3 Rc8 31. Qd2 f5 32. e6 Be8 33. e7 Qb6
34. Rd1 Qe6 35. Qg5 Qg6 36. Qxg6 hxg6 37. Rd8 1-0

[Event "Olimpiada Calviá 2004"]
[Site "Calviá ESP"]
[Date "2004.10.25"]
[Round "10.49"]
[White "Shrestha, Keshav"]
[Black "Kassis, Antoine"]
[Result "1-0"]
[WhiteElo "2170"]
[BlackElo "2221"]
[PlyCount "213"]
[EventDate "2004.10.15"]
[EventType "team"]
[EventRounds "14"]
[EventCountry "ESP"]
[Source "lmi"]
[SourceDate "2004.10.27"]

1. e4 c5 2. Nf3 d6 3. d4 cxd4 4. Nxd4 Nf6 5. Nc3 Nc6 6. f3 e5 7. Nb3 Be7 8. Be3
O-O 9. Nd5 Nxd5 10. exd5 Nb8 11. Bd3 Nd7 12. O-O f5 13. c4 b6 14. Qc2 Nc5 15.
Nxc5 dxc5 16. Bd2 Bd6 17. Bc3 Bd7 18. Rae1 Qc7 19. g4 g6 20. gxf5 Bxf5 21. Rf2
Rf7 22. Rfe2 Re8 23. Kh1 Ree7 24. Rg1 Qd7 25. Rge1 Bxd3 26. Qxd3 Qh3 27. Rf2
Rf4 28. Re4 Ref7 29. Rxf4 Rxf4 30. Qe2 Qh4 31. Kg1 Qg5+ 32. Kh1 Rh4 33. b3 Rh3
34. Be1 Be7 35. Rf1 Bd6 36. Bg3 Rh5 37. Qe4 Qf6 38. Kg2 Rf5 39. Re1 h5 40. h4
Kg7 41. Kf2 Kf7 42. Rg1 Qg7 43. Ke2 Qf6 44. Bh2 Be7 45. Bg3 Qd6 46. Rf1 Qf6 47.
Rd1 Bd6 48. Rf1 Kg7 49. Rg1 Qf8 50. Re1 Qc8 51. Rg1 Kh7 52. Rd1 Qa6 53. Rd2 Qc8
54. Rd1 a6 55. Rd2 b5 56. Rd1 Qd8 57. Rd2 Qa5 58. Rc2 b4 59. Kf2 Qd8 60. Kg2
Qf6 61. Kf2 Kg7 62. Re2 Kf7 63. Re1 Ke7 64. Kg2 Kf7 65. Kf2 Qd8 66. Re2 a5 67.
Qd3 Qf6 68. Re4 Kg7 69. Qe3 Kh7 70. Ke2 Kg7 71. Be1 Kf7 72. Bd2 Rf4 73. Rxf4
exf4 74. Qe4 Kg7 75. Qe8 Bf8 76. Qd7+ Kh6 77. Qc6 Qe5+ 78. Kd1 Bd6 79. Qa6 Qa1+
80. Ke2 Qe5+ 81. Kd1 Qa1+ 82. Ke2 Qe5+ 83. Kd1 g5 84. hxg5+ Kxg5 85. Qxa5 h4
86. Qd8+ Kh5 87. Qd7 Qf6 88. Qg4+ Kh6 89. Ke2 Kh7 90. Kf1 Qd4 91. Qxh4+ Kg7 92.
Qg4+ Kf8 93. Qf5+ Kg7 94. Be1 Be5 95. Qe4 Qb2 96. Bf2 Bd4 97. Bxd4+ cxd4 98. d6
Qa1+ 99. Kg2 Qxa2+ 100. Kh3 Qf2 101. Qxf4 Qf1+ 102. Kg4 Qg2+ 103. Qg3 Qe2 104.
d7 Qe7 105. Kf5+ Kf7 106. Qg6+ Kf8 107. Qf6+ 1-0